LEADER 01538nam--2200385---450- 001 990005873420203316 005 20130718115817.0 010 $a978-88-548-4952-5 035 $a000587342 035 $aUSA01000587342 035 $a(ALEPH)000587342USA01 035 $a000587342 100 $a20130718d2012----km-y0itay50------ba 101 $aita 102 $aIT 105 $a||||||||001yy 200 1 $a<> tutela dei soggetti deboli tra diritto internazionale, dell'Unione europea e diritto interno$eseminari di alta formazione internazionale, Imperia, ottobre-novembre 2011$fa cura di Ilaria Queirolo, Alberto Maria Benedetti, Laura Carpaneto$gcontributi di Francesca Bartolini ... [et al.] 210 $aRoma$cAracne$d2012 215 $a656 p.$d24 cm 225 2 $aScritti di diritto privato europeo ed internazionale$f1 410 0$12001$aScritti di diritto privato europeo ed internazionale$v1 606 0 $aDiritti civili [e] Diritti sociali$xTutela$xDiritto comunitario [e] Diritto interno$2BNCF 676 $a342.24085 702 1$aQUEIROLO,$bIlaria 702 1$aBENEDETTI,$bAlberto Maria 702 1$aBARTOLINI,$bFrancesca$f<1982- > 702 1$aCARPANETO,$bLaura 801 0$aIT$bsalbc$gISBD 912 $a990005873420203316 951 $aXXIII.4.B. 294$b77511 G.$cXXIII.4.B.$d00342321 959 $aBK 969 $aGIU 979 $aIANNONE$b90$c20130718$lUSA01$h1158 996 $aTutela dei "soggetti deboli" tra diritto internazionale, dell'Unione europea e diritto interno$9265655 997 $aUNISA LEADER 04033 am 2200925 n 450 001 9910279591803321 005 20180215 010 $a2-9564470-6-8 024 7 $a10.4000/books.irasec.498 035 $a(CKB)4100000004910766 035 $a(FrMaCLE)OB-irasec-498 035 $a(oapen)https://directory.doabooks.org/handle/20.500.12854/41770 035 $a(PPN)230000495 035 $a(EXLCZ)994100000004910766 100 $a20180703j|||||||| ||| 0 101 0 $aeng 135 $auu||||||m|||| 181 $ctxt$2rdacontent 182 $cc$2rdamedia 183 $acr$2rdacarrier 200 10$aBack to Old Habits $eIsolationism or the Self-Preservation of Burma?s Military Regime /$fRenaud Egreteau, Larry Jagan 210 $aBangkok $cInstitut de recherche sur l?Asie du Sud-Est contemporaine$d2018 215 $a1 online resource (92 p.) 330 $aThis book argues that the Burmese military regime has always favoured an isolationist-type policy that finds its grassroots in Ne Win?s autarchic and xenophobic era as well as in Burma?s royal traditions, but without being completely cut off from the outside world. This policy approach is well suited to the Burmese authoritarian state which boasts an important strategic position in the region. In the past decade, the politics of ?isolationism without isolation? has been skilfully developed by Burma?s military elite in order to preserve itself from both internal and external threats. Since the Depayin crackdown in May 2003, every step the Burmese junta has taken indicates that it has been consciously defining both its foreign policy and its internal political agenda according to these isolationist tendencies, as the recent fallbacks that followed the ?Saffron Revolution? (September 2007) and the Cyclone Nargis (May 2008) illustrate. Not only does the military regime tend to strategically withdraw itself from the regional scene, by choosing only a few but crucial diplomatic and commercial partners like China, India, Singapore, Russia or Thailand, but it also gradually isolates itself from the rest of the Burmese society, by opting for a strategic and nationalist entrenchment which was perfectly highlighted by the purge of the pragmatic Military Intelligence Services (2004), the transfer of the capital to Naypyidaw (2005) and the strict control over the transitional process initiated by its own ?Road Map towards a disciplined democracy? and undisrupted by the recent crises. 606 $aAsian Studies 606 $adémocratie 606 $aliberté 606 $aarmée 606 $asociété civile 606 $arégime 606 $apolitical transition 606 $atransition politique 606 $aMyanmar 606 $aBurma 606 $aBirmanie 606 $ajunte 606 $atatmadaw 606 $aautarcie 606 $ademocracy 606 $afreedom 606 $aCivil Society 606 $aarmy 606 $ajunta 606 $aautarchy 607 $aBurma$xPolitics and government$y1988- 607 $aBurma$xForeign relations$y1948- 610 $aarmy 610 $aCivil Society 610 $afreedom 610 $aautarchy 610 $ajunta 610 $ademocracy 615 4$aAsian Studies 615 4$adémocratie 615 4$aliberté 615 4$aarmée 615 4$asociété civile 615 4$arégime 615 4$apolitical transition 615 4$atransition politique 615 4$aMyanmar 615 4$aBurma 615 4$aBirmanie 615 4$ajunte 615 4$atatmadaw 615 4$aautarcie 615 4$ademocracy 615 4$afreedom 615 4$aCivil Society 615 4$aarmy 615 4$ajunta 615 4$aautarchy 700 $aEgreteau$b Renaud$01235894 701 $aJagan$b Larry$01235895 712 02$aIRASEC. 801 0$bFR-FrMaCLE 906 $aBOOK 912 $a9910279591803321 996 $aBack to Old Habits$93028626 997 $aUNINA LEADER 01545nam 2200469 450 001 9910818085003321 005 20230809224035.0 010 $a3-95948-813-0 035 $a(CKB)3710000001307083 035 $a(MiAaPQ)EBC4856984 035 $a(Au-PeEL)EBL4856984 035 $a(CaPaEBR)ebr11383601 035 $a(CaONFJC)MIL1009215 035 $a(OCoLC)985470776 035 $a(EXLCZ)993710000001307083 100 $a20170530h20172017 uy 0 101 0 $ager 135 $aurcnu|||||||| 181 $2rdacontent 182 $2rdamedia 183 $2rdacarrier 200 14$aDie christliche Wahrheit und ihre Feinde $eDie historische Dauerkonstanz der Religion und die Dammerung des Materialismus im Abendland /$fJurgen Bellers, Markus Porsche-Ludwig 210 1$aNordhausen, [Germany] :$cVerlag Traugott Bautz GmbH,$d2017. 210 4$d©2017 215 $a1 online resource (166 pages) $cillustrations 311 $a3-95948-245-0 606 $aMaterialism$xHistory 606 $aMaterialism$xReligious aspects 606 $aMaterialism$xReligious aspects$xChristianity 615 0$aMaterialism$xHistory. 615 0$aMaterialism$xReligious aspects. 615 0$aMaterialism$xReligious aspects$xChristianity. 676 $a146.3 700 $aBellers$b Ju?rgen$0856258 702 $aPorsche-Ludwig$b Markus 801 0$bMiAaPQ 801 1$bMiAaPQ 801 2$bMiAaPQ 906 $aBOOK 912 $a9910818085003321 996 $aDie christliche Wahrheit und ihre Feinde$93912959 997 $aUNINA